000 00424pab a2200145 454500
008 180718b1987 xxu||||| |||| 00| 0 eng d
100 _aBatterham, R.L.
245 _aThe demand for seasonal rural credit under conditions of risk
_bA case study in Bangladesh
260 _c1987
300 _a291-304
650 _aAgricultural Credit - Bengladesh
700 _aA.A. Majid
773 _aSavomg amd Development
909 _a3347
999 _c3347
_d3347